01307nam a2200181Ia 4500001001300000003001000013008004100023040002500064041000700089100002500096245010500121250001100226260006400237300001800301500073000319650005801049700001801107b6529-47088 IT-MiCISF161014s9999||||xx |||||||||||||| ||und|| aIT-MiCISFcIT-MiCISF ait aGreenspan Stanley I. 0aTrattare l'autismobIl metodo floortime per aiutare il bambino a rompere l'isolamento e a comunicare a1a ed. a MilanobRaffaello Cortinac2007 [Edizione originale: 2006] app. XXIII-412 a / famiglia, disturbi-sviluppo, cura, terapia, tecniche-terapeutiche, famiglia-con-handicap, riabilitazione, progetto, esperienze, case-studies / Per la prima volta viene presentato in un unico volume il metodo Floortime per il trattamento dell'autismo, proposto da Stanley Greenspan, tra i massimi esperti a livello internazionale, e i cui straordinari successi sono noti ai genitori e ai professionisti di ogni parte del mondo. Non solo la tecnica Floortime fornisce a tutta la famiglia gli strumenti per favorire ogni giorno lo sviluppo del bambino, ma il carattere globale del programma serve da guida a psicologi, logopedisti ed educatori per collaborare con i familiari, formando insieme una "squadra" davvero efficace. a Genitorialità€ e problemi educativi / handicape004 aWieder Serena